Une lettre suffit pour répondre juste #33 (attention 10 lettres tuent) - Statistiques

Statistiques générales
  • Ce quiz a été pris 47 fois
  • Le résultat moyen est 2 sur 6
Statistiques - réponses
Hint Réponse % Correct
Donne une des 5 lettres du prénom de l'acteur dont voici une sélection de rôle joué : Vendredi 13 (1980) : Jack Apollo 13 (1995) : Jack Swigert Mystic River (2003) : Sean Devine X-Men : Le Commencement (2011) : Sebastian Shaw KEVIN (Bacon)
100%
Donne une des 4 lettres du nom de l'ile entourée en rouge qui est un territoire non incorporé des États-Unis et a pour capitale Hagåtña
GUAM
68%
Donne une des 3 lettres qui désigne l'une des 5 plus grandes villes du Liban. Elle compte une longue liste de roi et dans l'Antiquité, la ville était insulaire. TYR
21%
Donne la lettre qui complète le surnom de Sean Combs : ?. Diddy P
18%
Donne une des 2 lettres qui forme les initiales (1eres lettres prénom et nom) de la chanteuse qui reprend la chanson I Will Always Love You pour la bande originale du film Bodyguard dont elle est à l'affiche WH (Whitney Houston)
18%
Donne la lettre qui désigne l'entropie (grandeur physique qui caractérise le degré de désorganisation d'un système) en thermodynamique S
3%
Aucun quiz correspondant
Distribution des résultats
% des personnes avec chaque résultat
Percentile par nombre de réponses
Votre historique - résultats
Vous n’avez pas pris ce quiz